Jean-Jacques Mercier-Marcel, 1826-1903, Gustave Naville-Neher, 1848-1929, René Thury, 1860-1938, Maurice Guigoz, 1868-1919

Bewaard in:
Bibliografische gegevens
Hoofdauteur: Mestral, Aymon de
Formaat: Boek
Taal:Undetermined
Gepubliceerd in: Zurich Institut de recherches économiques 1958
Onderwerpen:
Tags: Voeg label toe
Geen labels, Wees de eerste die dit record labelt!
Thư viện lưu trữ: Trung tâm Học liệu Trường Đại học Cần Thơ
LEADER 00620nam a2200193Ia 4500
001 CTU_82392
008 210402s9999 xx 000 0 und d
082 |a 338.092 
082 |b M586 
100 |a Mestral, Aymon de 
245 0 |a Jean-Jacques Mercier-Marcel, 1826-1903, Gustave Naville-Neher, 1848-1929, René Thury, 1860-1938, Maurice Guigoz, 1868-1919 
245 0 |c Aymon de Mestral 
260 |a Zurich 
260 |b Institut de recherches économiques 
260 |c 1958 
650 |a Businessmen 
650 |z Switzerland 
904 |i Trọng Hải 
980 |a Trung tâm Học liệu Trường Đại học Cần Thơ